কনফুসিয়াস-এর কথোপকথন / (Record no. 110555)
[ view plain ]
| 000 -LEADER | |
|---|---|
| fixed length control field | 00528nam a22001457a 4500 |
| 003 - CONTROL NUMBER IDENTIFIER | |
| control field | BD-ChCU |
| 005 - DATE AND TIME OF LATEST TRANSACTION | |
| control field | 20251218125453.0 |
| 008 - FIXED-LENGTH DATA ELEMENTS--GENERAL INFORMATION | |
| fixed length control field | 251218b bg ||||| |||| 00| 0 ben d |
| 040 ## - CATALOGING SOURCE | |
| Transcribing agency | BD-ChCU |
| 082 ## - DEWEY DECIMAL CLASSIFICATION NUMBER | |
| Classification number | 181.112 কন1 |
| 100 ## - MAIN ENTRY--PERSONAL NAME | |
| Personal name | আহমেদ, হেলাদ উদ্দিন |
| Relator term | অনুবাদক |
| 9 (RLIN) | 18342 |
| 245 ## - TITLE STATEMENT | |
| Title | কনফুসিয়াস-এর কথোপকথন / |
| Statement of responsibility, etc. | হেলাল উদ্দিন আহমেদ |
| 260 ## - PUBLICATION, DISTRIBUTION, ETC. | |
| Name of publisher, distributor, etc. | আগামী প্রকাশনী, |
| 942 ## - ADDED ENTRY ELEMENTS (KOHA) | |
| Source of classification or shelving scheme | Dewey Decimal Classification |
| Koha item type | Books |
| Suppress in OPAC | No |
| Withdrawn status | Lost status | Source of classification or shelving scheme | Damaged status | Not for loan | Home library | Current library | Shelving location | Date acquired | Total Checkouts | Full call number | Barcode | Date last seen | Price effective from | Koha item type |
|---|---|---|---|---|---|---|---|---|---|---|---|---|---|---|
| Dewey Decimal Classification | Chittagong University Library | International Relations Seminar Library | Arts and Humanities Reading Room | 12/18/2025 | ১৮১.১১২ কন ১ | 319990 | 12/18/2025 | 12/18/2025 | Books |